| 000 | 01177nam a22002537a 4500 | ||
|---|---|---|---|
| 005 | 20170124103155.0 | ||
| 010 | _aA-242831 | ||
| 020 | _c40.00 | ||
| 035 | _aA-242831 | ||
| 037 | _bCen Lib/Ret | ||
| 040 |
_aDPL _bHN |
||
| 082 |
_a823.08 _bबांदिव |
||
| 100 |
_aबांदिवडेकर, चंद्रकांत _944241 |
||
| 245 |
_aजैनेन्द्र के उपन्यास : _c चंद्रकांत बांदिवडेकर _bमर्म की तलाश / |
||
| 246 |
_aJainendra ke upanayas : marm ki talash / _bby Chandrakant Bandivdekar |
||
| 260 |
_aनई दिल्ली _bपूर्वोदय प्रकाशन _c1984 |
||
| 270 |
_bनई दिल्ली _a7/8, दरियागंज _e110002 |
||
| 300 |
_a133पृ. _c20सेमी(सजिल्द) |
||
| 650 |
_aजैनेन्द्र -- उपन्यास _989547 |
||
| 650 |
_aजैनेन्द्र -- उपन्यास लेखन _944526 |
||
| 650 |
_aJainendra - Novel _989548 |
||
| 650 |
_aJainendra - Novel Writing _989549 |
||
| 942 |
_2ddc _cHN _h823.08 _mबांदिव |
||
| 999 |
_c120292 _d120292 |
||